000 00394nam a2200157Ia 4500
008 221030s9999 xx 000 0 und d
020 _a8174090398
041 _aEnglish
082 _a105.23
_bPra
100 _aR. Prasad
245 0 _aElectrical Measurements & Measuring Instruements
_cby R. Prasad
260 _bKhanna Pub.
_aNew Delhi
_c2001
300 _a1028
650 _aEE
942 _cBK
999 _c7901
_d7901